000 00658cab a2200241 4500
001 ABS53543
008 090401t1995 xxu||||| |||| 00| 0 eng d
035 _a(Sirsi) u5018
041 _aeng
100 _aSchofield, J.
245 3 _aAn introduction to lime
260 _c1995
350 _a0
490 _aStructural Survey
_v13(2) September 1995, 4-5(2)
520 _aA brief guide to the use of lime in building restoration work.
650 _aBUILDING RESTORATION
650 _aCEMENT
650 _aLIME PLASTER
650 _aLIME REPAIRS
690 _aBUILDING AND CONSTRUCTION-REPAIRS AND MAINTENANCE
942 _n0
948 _c04/03/1997
999 _c3017
_d3017